000 00412nam a2200157Ia 4500
005 20250423101544.0
008 250422s9999 xx 000 0 und d
020 _a0- 905031- 81- 4
050 _aHF 1418.7 .C
100 _aVincent Cable
245 0 _aTrade blocs? The future of regional integration
260 _bRoyal institute of international affairs
260 _c1994
300 _a198 p
942 _cBK
999 _c36628
_d36628